000
00268nam a22001097a 4500
008
170120b xxu||||| |||| 00| 0 eng d
020
_a
1578010284
041
_a
eng
080
_2
3RD
_a
618.2
245
_a
ESSENTIALS OF MATERNAL-CHILD NURSING
_c
CONRAD. L
942
_2
udc
_c
BK
999
_c
3336
_d
3336